000
00348 a2200169 4500
001
175331
020
_a
85-16-02816-X
040
_c
Magnum
100
_a
Guelli, Neuza Sanchez
240
1
0
_a
Geografia 4
_l
por
245
1
0
_a
Geografia 4
300
_a
119
362
0
_a
2001
440
1
_a
Moderna
697
_a
GEOGRAFIA DO BRASIL
942
_c
BK
999
_c
175331
_d
175331